000 00600nam a22002177a 4500
001 00260
003 DO-SdBNP
005 20151125104919.0
008 151125b 1978 sp xxu||||| |||| 00| 0 spa d
040 _aBPMSU
_bspa
_cBPMSU
092 _axxxxx
_bxxxxx
100 1 _aHall, Richard
245 1 0 _aExploradores en Africa /
_cRichard Hall.
260 _aMadrid :
_bEdiciones Plesa,
_c1978.
300 _a47 p.
_b il. ;
_c29 cm.
490 1 _aEl museo del los descubrimientos
830 0 _aEl museo del los descubrimientos
910 _a00260
942 _2ddc
_cBK
956 _aLorenza Pérez
_b10
999 _c8903
_d8903